00448nam a2200145Ia 4500003000900000008004100009040001600050080001300066100002200079245009700101260003200198300001500230650004100245650001600286IN-BaIIA211028s9999 xx 000 0 eng d cIIA Library a770bMON aMonckhoven, D. V. 0aTraite de photographie (in French)cD. V. Monckhoven  aParisbGeorges Massonc1873 axvi, 400p. aAstronomy and Astrophysics thesaurus aPhotography